| Tag |
First Indicator |
Second Indicator |
Subfields |
| LEADER |
00000cam a2200000Ii 4500 |
| 001 |
in00004400513 |
| 005 |
20210422122709.0 |
| 008 |
200120t20202020stka b 001 0 eng d |
| 020 |
|
|
|a 9781474473781
|q (hardback)
|
| 020 |
|
|
|a 1474473784
|q (hardback)
|
| 035 |
|
|
|a (OCoLC)on1136964029
|
| 040 |
|
|
|a YDX
|e rda
|c YDX
|d COO
|d BDX
|d CDX
|d UtOrBLW
|
| 043 |
|
|
|a e-uk---
|a e-ie---
|a b------
|
| 049 |
|
|
|a TXAM
|
| 050 |
|
4 |
|a DA123
|b .D43 2020
|
| 082 |
0 |
|
|a 305.821
|2 23
|
| 245 |
0 |
0 |
|a Death in the diaspora :
|b British and Irish gravestones /
|c edited by Nicholas J. Evans and Angela McCarthy.
|
| 264 |
|
1 |
|a Edinburgh :
|b Edinburgh University Press,
|c [2020]
|
| 264 |
|
4 |
|c ©2020
|
| 300 |
|
|
|a xiii, 212 pages :
|b illustrations ;
|c 24 cm.
|
| 336 |
|
|
|a text
|b txt
|2 rdacontent
|
| 336 |
|
|
|a still image
|b sti
|2 rdacontent
|
| 337 |
|
|
|a unmediated
|b n
|2 rdamedia
|
| 338 |
|
|
|a volume
|b nc
|2 rdacarrier
|
| 490 |
1 |
|
|a Studies in British and Irish Migration
|
| 504 |
|
|
|a Includes bibliographical references and index.
|
| 650 |
|
0 |
|a British
|x Funeral customs and rites.
|
| 650 |
|
0 |
|a Irish
|x Funeral customs and rites.
|
| 650 |
|
0 |
|a British
|z Foreign countries
|x Social conditions.
|
| 650 |
|
0 |
|a Irish
|x Foreign countries
|x Social conditions.
|
| 650 |
|
0 |
|a Sepulchral monuments
|z Great Britain
|x History.
|
| 650 |
|
0 |
|a Sepulchral monuments
|z Ireland
|x History.
|
| 650 |
|
0 |
|a Sepulchral monuments
|z Commonwealth countries
|x History.
|
| 650 |
|
0 |
|a Burial
|z Great Britain
|x History.
|
| 650 |
|
0 |
|a Burial
|z Ireland
|x History.
|
| 650 |
|
0 |
|a Burial
|z Commonwealth countries
|x History.
|
| 700 |
1 |
|
|a Evans, Nicholas J.,
|e editor.
|0 http://id.loc.gov/authorities/names/no2011013554
|
| 700 |
1 |
|
|a McCarthy, Angela,
|e editor.
|
| 830 |
|
0 |
|a Studies in British and Irish migration.
|0 http://id.loc.gov/authorities/names/no2021026700
|
| 945 |
|
|
|b 766597
|
| 947 |
|
|
|a A14850721680
|
| 948 |
|
|
|a cataloged
|b h
|c 2021/3/23
|d c
|e dmitchel
|f 8:30:20 am
|
| 994 |
|
|
|a 92
|b TXA
|
| 999 |
f |
f |
|s ac6e68b0-554a-3920-ae29-de3a90350496
|i 5a4d0234-0b2f-398e-8d1b-1acbd700295c
|t 0
|
| 952 |
f |
f |
|p normal
|a Texas A&M University
|b College Station
|c Sterling C. Evans Library
|d Evans: Library Stacks
|t 0
|e DA123 .D43 2020
|h Library of Congress classification
|i unmediated -- volume
|m A14850721680
|
| 998 |
f |
f |
|a DA123 .D43 2020
|t 0
|l Evans: Library Stacks
|